| 000 | 00739nam a22001817a 4500 | ||
|---|---|---|---|
| 999 |
_c59518 _d59518 |
||
| 003 | Ge_BSU | ||
| 005 | 20230307144119.0 | ||
| 008 | 230307s2001 ge ||||| |||| 00| 0 geo d | ||
| 041 | _ageo | ||
| 080 | _a343.98(042.4) ლ-46 | ||
| 100 |
_aლეჟავა, იაშა _917130 |
||
| 245 |
_aკრიმინალისტიკა : _b(ლექციათა მოკლე კურსი) / _cიაშა ლეჟავა; რედ. ლიანა დანელიშვილი. |
||
| 264 |
_aთბილისი, _c2001. |
||
| 300 |
_a100 გვ.; _b20 სმ. |
||
| 653 | _aსამართალი | ||
| 700 |
_aდანელიშვილი, ლია _eრედაქტორი _95336 |
||
| 942 |
_2udc _cBK |
||